| 000 | 00505nam a22001937a 4500 | ||
|---|---|---|---|
| 008 | 150604b xxu||||| |||| 00| 0 eng d | ||
| 020 | _a013081430X | ||
| 041 | 0 | _aeng | |
| 080 | _a003 | ||
| 100 | 1 | _aRoberts, Edgar V. | |
| 245 | 1 | 0 |
_aWriting about literature / _cEdgar V. Roberts. |
| 250 | _a9th ed. | ||
| 260 |
_aUpper Saddle River, N.J. : _bPrentice Hall, _cc1999. |
||
| 300 |
_a400 f. ; _b23 cm. |
||
| 650 | 0 | _aGjuha Angleze | |
| 650 | 0 | _aLiteraturë | |
| 650 | 0 | _aShkrim akademik | |
| 942 |
_2udc _cBK |
||
| 999 |
_c986 _d986 |
||